000 00253nmm a2200085Ia 4500
008 220120s9999||||xx |||||||||||||||||und||
100 _aPCQ December 2009
245 0 _a20 best tools of 2009, 12 network mgmt tools, 10 developers
260 _aCyber tech
_c2009
999 _c139437
_d139437